1022 1624 1326 1580 1262 1249 1847 1525 1416 1166 1514 1340 1223 1075 1852 1447 1556 1502 1001 1411 1891 1818 1506 1517 1376 1505 1643 1544 1574 1659 1107 1300 1175 1546 1885 1440 1617 1512 1600 1044 1712 1866 1395 1220 1027 1395 1985 1800 1498 1336 1302 1158 1034 1042 1700 1610 1637 1766 1885 1001 1866 1048 1091 1008 1193 1973 1120 1415 1802 1789 1545 1913 1876 1214 1665 1673 1611 1379 1568 1292 1733 1256 1396 1007 1129 1699 1196 1857 1289 1832 1286 1484 1225 1600 1251 1555 1157 1837 1483 BCNSPRNW ULIB Ver.6.0+V

เปลี่ยนเป็นภาษาไทย

Change to English
 แสดงรายละเอียดบรรณานุกรม
  กลับหน้าหลัก

Brief Record : Get Marc (ISO 2709) : E-mail record : QR code < ปิดหน้าต่าง
LEADER : 00000nam 2200000uu 4500
001    13399124240
003     ULIB
008    020711s2549 th a 000 0 tha d
020    9747074982
020    9789747074987
090    นว.^bว163อ
100    วนวรรณ
245    อยู่ตรงนี้อยู่ในหัวใจเธอ/^cวนวรรณ
250    พิมพ์ครั้งที่ 1
260    กรุงเทพฯ :^bอรุณ,^c2549
300    624 หน้า;^b18.5 ซม.
945    ^p415^l0^i019671
999    ^aทศพร
รายการนี้ยังไม่มีแท็ก
คุณยังไม่ได้ล็อกอิน คุณสามารถมีกิจกรรมร่วมกับเว็บไซต์ได้ แต่ต้องล็อกอินก่อน ::
  ล็อกอิน

รายการสื่อสารสนเทศ

ลำดับที่ ประเภท เลขเรียก/บาร์โค้ด สถานที่ สถานะ
1. นวนิยาย
นวนิยาย
นว. ว163อ ฉ.1 
  Barcode: 019671
ห้องสมุดวิทยาเขตสวรรค์ประชารักษ์
►นวนิยาย
บนชั้น
  ขอยืม

รายการใกล้เคียง
    ผู้แต่ง [วนวรรณ]

BibComment


ยังไม่เคยถูกคอมเมนท์

คอมเมนท์ทรัพยากรรายการนี้
  คอมเมนท์: อยู่ตรงนี้อยู่ในห..


 Copyright 2026. Bcnsprnw @Library